00729nam a2200241Ia 4500003000900000008004100009040001300050040001300063041000800076100002200084100000900106245005000115250001200165260002600177260000900203300001100212300001000223490002900233490000600262942000700268999001700275952019500292IT-RoPAU120407s9999 xx 000 0 und d aIT-RoPAU cIT-RoPAU aita aCelestino Testore cs.j. aSuor Maria Gabriella, Trappista. 1914 - 1939. aViterbo aMonastero S. Giuseppe c1958 a413 p. c19 cm a 1. Maria Gabriella, sr. v1 cBK c34276d34276 00102ddc406922_00000000000000071aPAULUSbPAULUSd2012-04-11l0o922.0r2012-04-11 00:00:00w2012-04-11yBKzInserito da: Anna In data: 05 ottobre 2011 fondo: Via A.Severo 56 Progr:34310